Náklady a ceny.
Ceny v rozhodovaní subjektov trhov. Vzťah nákladov a cien. Druhové členenie nákladov. Optimálna kombinácia jednotlivých výrobných komponentov. Efekt zmeny cien. Časové hľadisko pri rozhodovaní o nákladoch. Analýza nákladov (priame, nepriame, jednotkové, režijné). Nákladová orientácia tvorby cien. Li...
Salvato in:
| Autore principale: | |
|---|---|
| Natura: | Capitolo di libro |
| Lingua: | ceco |
| Soggetti: | |
| Tags: |
Nessun Tag, puoi essere il primo ad aggiungerne!!
|
MARC
| LEADER | 00000naa a2200000 4500 | ||
|---|---|---|---|
| 001 | r011617 | ||
| 005 | 20220831090418.1 | ||
| 041 | 0 | |a cze | |
| 044 | |a [CS] | ||
| 245 | 1 | 0 | |a Náklady a ceny. |c Jan Kasan |
| 520 | |a Ceny v rozhodovaní subjektov trhov. Vzťah nákladov a cien. Druhové členenie nákladov. Optimálna kombinácia jednotlivých výrobných komponentov. Efekt zmeny cien. Časové hľadisko pri rozhodovaní o nákladoch. Analýza nákladov (priame, nepriame, jednotkové, režijné). Nákladová orientácia tvorby cien. Limitná a technická cena. Trhová cena a cenová pružnosť dopytu. Maximalizácia zisku. Monopol a oligopol. | ||
| 610 | 2 | 0 | |a náklady a ceny |
| 610 | 2 | 0 | |a rozhodovanie |
| 610 | 2 | 0 | |a trh |
| 610 | 2 | 0 | |a náklady |
| 610 | 2 | 0 | |a analýza nákladov |
| 610 | 2 | 0 | |a tvorba cien |
| 610 | 2 | 0 | |a pružnosť cenová |
| 610 | 2 | 0 | |a dopyt |
| 610 | 2 | 0 | |a zisk |
| 610 | 2 | 0 | |a monopoly |
| 610 | 2 | 0 | |a oligopoly |
| 100 | 1 | |a Kasan, Jan | |